书目信息 |
| 题名: |
章炳麟论学集
|
|
| 作者: | 章炳麟 著 | |
| 分册: | ||
| 出版信息: | 北京 北京师范大学出版社 1982 |
|
| 页数: | 546页 | |
| 开本: | 21cm | |
| 丛书名: | ||
| 单 册: | ||
| 中图分类: | B259.2 | |
| 科图分类: | ||
| 主题词: | 章太炎--哲学 , 章太炎 | |
| 电子资源: | ||
| ISBN: | ||
| 000 | 00635nam0 2200241 45 | |
| 001 | 0182006262 | |
| 005 | 20050525111000.3 | |
| 010 | @dCNY3.20 | |
| 091 | @a7243.86 | |
| 100 | @a19950209d1982 emky0chiy0121 ea | |
| 101 | 0 | @achi |
| 102 | @aCN@b110000 | |
| 105 | @ay z 000yy | |
| 200 | 10 | @a章炳麟论学集@Azhang bing lin lun xue ji@f章炳麟著@FZhang Bing Lin Zhu |
| 210 | @a北京@c北京师范大学出版社@d1982 | |
| 215 | @a546页@d21cm | |
| 606 | 0 | @a章太炎@x哲学 |
| 606 | @a章太炎 | |
| 690 | @aB259.2@v3 | |
| 701 | 0 | @a章炳麟@4著 |
| 801 | 0 | @aCN@b上海图书馆@c20050524 |
| 801 | 2 | @aCN@bNLC@c20050524 |
| 905 | @f1@b108317@dB259.2@e14 | |
| 章炳麟论学集/章炳麟著.-北京:北京师范大学出版社,1982 |
| 546页;21cm |
| ISBN :CNY3.20 |
| ● |
| 相关链接 |
|
|
|
|
正题名:章炳麟论学集
索取号:B259.2/14
 
预约/预借
| 序号 | 登录号 | 条形码 | 馆藏地/架位号 | 状态 | 备注 |
| 1 | 0108317 | 000523320 | 第一样本阅览室/ [索取号:B259.2/14] | 在馆 |